| 000 | 00354nam a22001217a 4500 | ||
|---|---|---|---|
| 082 | _a200 THE | ||
| 100 |
_aAsad Hasnain Bukhar _970711 |
||
| 245 | _aTH-SOF-1067-Automated Sentiment Analysis of Microblogs | ||
| 260 |
_aISLAMABAD _bNUST COLLEGE OF EME _c2014 |
||
| 650 | _a MS-CSE-12 MSTHESIS | ||
| 700 |
_aSUPERVISOR Dr. Usman Qamar _969693 |
||
| 942 | _cCF | ||
| 999 |
_c577614 _d577614 |
||